| 000 | 01447cam a22004334i 4500 | ||
|---|---|---|---|
| 003 | PE-LiUPU | ||
| 005 | 20250731184511.0 | ||
| 008 | 161005s r 000 0 spa d | ||
| 035 | _a(Sirsi) a163975 | ||
| 049 | 1 | _aPRUA | |
| 082 | 0 | 4 |
_a985 _bP79 |
| 100 | 1 |
_aGonzáles Posada Eyzaguirre, Luis, _eautor. |
|
| 245 | 1 | 4 |
_aLos antipatriotas / _cLuis Gonzáles Posada Eyzaguirre. |
| 264 |
_a[Lima] : _Arte gráfico, _c1999. |
||
| 300 |
_a211 páginas : _biustraciones ; _c20 centímetros. |
||
| 336 |
_text _2rdacontent |
||
| 337 |
_unmediated _2rdamedia |
||
| 338 |
_volume _2rdacarrier |
||
| 505 | 0 | _aMaterias -- La historia:1821-1941 -- La guerra de 1941, protocolo y conflicto de 1981 -- Golpismo y geopolítica -- La guerra de 1995.. | |
| 526 | _aP136 | ||
| 526 | _aP135 | ||
| 526 | _aP134 | ||
| 526 | _aP133 | ||
| 526 | _aP144 | ||
| 526 | _aP143 | ||
| 526 | _aP87 | ||
| 526 | _aP35 | ||
| 526 | _aP20 | ||
| 526 | _aP14 | ||
| 526 | _aP10 | ||
| 526 | _aP06 | ||
| 651 | 4 |
_aPerú _xHistoria _y1821-1941. |
|
| 651 | 4 |
_aPerú _xHistoria _xZarumilla, Batalla de, 1941. |
|
| 651 | 4 |
_aPerú _xHistoria _xConflicto Ecuador-Perú. |
|
| 596 | _a1 | ||
| 942 |
_2ddc _cBOOK |
||
| 999 |
_a985 P79 _wDEWEY _c12832 _i74859 _f2021-11-9 _g5 _lCCODEBUL1 _mBUL _r0 _sY _tBOOK _u2016-10-5 _xEDUCACION _zUNKNOWN _0DONACION _o.STAFF. Colección FACIHED _d12832 |
||
| 980 |
_81 _gALBERTO SANCHEZ Responsable de Automatización |
||